Finančná politika v ekonomike SR

Vývoj slovenskej ekonomiky od r. 1993 do r. 1996. Makroekonomické ukazovatele za sledované obdobie. Koncepčné opatrenia v oblasti finančnej politiky. Účinnosť finančnej politiky v ekonomike Slovenska.

Saved in:
Bibliographic Details
Main Author: Sivák, Rudolf, 1955-
Format: Book Chapter
Language:Slovak
Subjects:
Tags: Add Tag
No Tags, Be the first to tag this record!

MARC

LEADER 00000naa a2200000 4500
001 r021775
005 20240502071327.8
041 0 |a slo 
044 |a SK 
245 1 0 |a Finančná politika v ekonomike SR  |c Rudolf Sivák 
520 |a Vývoj slovenskej ekonomiky od r. 1993 do r. 1996. Makroekonomické ukazovatele za sledované obdobie. Koncepčné opatrenia v oblasti finančnej politiky. Účinnosť finančnej politiky v ekonomike Slovenska. 
610 2 0 |a politika finančná 
610 2 0 |a Slovensko 
610 2 0 |a hospodárstvo národné 
610 2 0 |a transformácia 
610 2 0 |a 1993-1996 
610 2 0 |a produkt domáci hrubý 
610 2 0 |a ukazovatele ekonomické 
610 2 0 |a makroekonomika 
610 2 0 |a politika fiškálna 
610 2 0 |a politika menová 
610 2 0 |a rozpočet štátny 
610 2 0 |a dotácie 
100 1 |a Sivák, Rudolf, 1955-